000 00372 a2200133 4500
005 20250417085002.0
020 _a0-278-00097-5
082 _a657.309 BLA
100 _aBLAKE, J.D.
245 _aThe Concise Guide to Interpreting Accounts.
260 _aLondon,
_bVan Nostrand Reinhold (International),
_c1989.
300 _a159p.: ill.; table
_bIndex
_c23cm
942 _2ddc
_cBKS
999 _c1532
_d1532